[Event "GER-chT Christmas U20 Girls"]
[Site "Playchess.com INT"]
[Date "2020.12.29"]
[Round "6.2"]
[White "Lahne, Paula"]
[Black "Bangsa, Citra"]
[Result "0-1"]
[WhiteElo "816"]
[BlackElo "1398"]
[PlyCount "74"]
[EventDate "2020.12.29"]
[EventType "team-swiss (blitz)"]
[EventRounds "7"]
[EventCountry "GER"]
[SourceTitle "CBM 200 Extra"]
[Source "ChessBase"]
[SourceDate "2021.03.31"]
[SourceVersion "1"]
[SourceVersionDate "2021.03.31"]
[SourceQuality "1"]
[WhiteTeam "Magdeburg Schachzwerge II"]
[BlackTeam "Kelheim"]
[WhiteTeamCountry "GER"]
[BlackTeamCountry "GER"]

1. e4 c5 2. Nf3 Nc6 3. Bc4 e6 4. Nc3 d6 5. d3 Be7 6. h3 Nf6 7. Bg5 h6 8. Bh4 Na5 9. Bb5+ Bd7 10. Bxd7+ Nxd7 11. 0-0 Bxh4 12. Nxh4 Qxh4 13. Nb5 0-0 14. Re1 Qe7 15. c3 a6 16. Nc7 Rac8 17. b4 Nc6 18. b5 Ncb8 19. Nxa6 bxa6 20. bxa6 Nxa6 21. Qa4 Ra8 22. Rab1 Nb4 23. Qb3 Nxd3 24. Re3 Rfb8 25. Qc2 N3e5 26. f4 Nc4 27. Rd3 Na3 28. Rxb8+ Rxb8 29. Qa4 Nb5 30. c4 Nd4 31. Kf2 Nb6 32. Qa3 Qh4+ 33. g3 Qxh3 34. Ke3 Nxc4+ 35. Kf2 Nxa3 36. Rxa3 Qh2+ 37. Ke3 Qe2# 0-1

[Event "GER-chT Christmas U20 Girls"]
[Site "Playchess.com INT"]
[Date "2020.12.29"]
[Round "3.2"]
[White "Oswald, Hannah"]
[Black "Lahne, Paula"]
[Result "1-0"]
[WhiteElo "1675"]
[BlackElo "816"]
[PlyCount "53"]
[EventDate "2020.12.29"]
[EventType "team-swiss (blitz)"]
[EventRounds "7"]
[EventCountry "GER"]
[SourceTitle "CBM 200 Extra"]
[Source "ChessBase"]
[SourceDate "2021.03.31"]
[SourceVersion "1"]
[SourceVersionDate "2021.03.31"]
[SourceQuality "1"]
[WhiteTeam "Leipzig SG"]
[BlackTeam "Magdeburg Schachzwerge II"]
[WhiteTeamCountry "GER"]
[BlackTeamCountry "GER"]

1. e4 e5 2. Nf3 Nf6 3. Nc3 Nc6 4. d4 exd4 5. Nxd4 Nxd4 6. Qxd4 d6 7. Bc4 Be7 8. 0-0 0-0 9. f4 c5 10. Qe3 d5 11. exd5 b5 12. Bxb5 c4 13. Bxc4 Qc7 14. Qd3 Bc5+ 15. Kh1 Ng4 16. Ne4 Bb6 17. d6 Qc6 18. Bd5 Qa4 19. Bxa8 Qxe4 20. Bxe4 Bg1 21. Kxg1 Rd8 22. Bxh7+ Kh8 23. Rf3 Bb7 24. Rh3 Re8 25. Bg8+ Kxg8 26. Qh7+ Kf8 27. Qh8# 1-0